Statistics for Top 15 Countries with Covid-19 Cases - 16 Apr 2021

Click here to take the quiz!

General Stats

  • This quiz has been taken 14 times
  • The average score is 19 of 28

Answer Stats

country% Correct
Brazil
100%
Germany
100%
Mexico
100%
United States
100%
Argentina
92%
France
92%
India
92%
Italy
92%
Russia
92%
Spain
85%
United Kingdom
85%
Iran
77%
Poland
77%
Portugal
77%
Sweden
69%
Turkey
69%
Czechia
54%
Belgium
46%
Colombia
46%
Hungary
46%
Netherlands
46%
Israel
38%
Lithuania
38%
Slovenia
38%
Estonia
31%
Serbia
31%
Bahrain
23%
Panama
23%

Score Distribution

Percentile by Number Answered

Percent of People with Each Score

Your Score History

You have not taken this quiz